000 00285nam a2200121Ia 4500
005 20251222144643.0
008 251222s9999||||xx |||||||||||||| ||spa||
020 _a9972-738-07-8
082 _a348.023/C73/2001
245 0 _aLegislación Civil Peruana
264 _bLegis
942 _cLIB
999 _c16744
_d16744